Computational Linear Algebra with Models /
Сохранить в:
| Главный автор: | |
|---|---|
| Формат: | Sách giấy |
| Язык: | English |
| Опубликовано: |
Boston :
Allyn and Bacon,
1975.
|
| Метки: |
Добавить метку
Нет меток, Требуется 1-ая метка записи!
|
| Thư viện lưu trữ: | Thư viện Trường Đại học Đà Lạt |
|---|
| LEADER | 00589nam a2200253 4500 | ||
|---|---|---|---|
| 001 | DLU020000092 | ||
| 005 | ##19980311 | ||
| 040 | # | # | |a DLU |b vie |
| 041 | # | # | |a eng |
| 044 | # | # | |a us |
| 082 | # | # | |a 512.5 |b WI-G |
| 100 | # | # | |a Williams, Gareth |
| 245 | # | # | |a Computational Linear Algebra with Models / |c Gareth Williams. |
| 260 | # | # | |a Boston : |b Allyn and Bacon, |c 1975. |
| 300 | # | # | |a x, 384 tr. ; |c 24 cm. |
| 992 | # | # | |a 18000 |
| 994 | # | # | |a DLU |
| 900 | # | # | |a False |
| 911 | # | # | |a Administrator |
| 925 | # | # | |a G |
| 926 | # | # | |a A |
| 927 | # | # | |a SH |
| 980 | # | # | |a Thư viện Trường Đại học Đà Lạt |